Sociálny fond - tvorba, použitie, účtovanie a zdaňovanie príjmov zo sociálneho fondu v jednoduchom účtovníctve

Bibliographic Details
Main Author: Gášpárová, Eva (Author)
Format: Article
Language:Slovak
Subjects:

MARC

LEADER 00000nab a2200000 ar4500
001 vtls008964174
003 SK-MaSNL
005 20260303070808.0
008 070416c2007 xo mr|p|||||||000 b|slo
015 |a SNBRB2007/04  |2 snkbucl 
038 |a SNKBUCL 
040 |a SNKBUCL  |b slo  |c SNKBUCL  |e AACR2 
041 |a slo 
044 |a xo  |c SK 
080 |a 657.37  |2 2001 
080 |a 331.341  |2 2001 
100 1 |a Gášpárová, Eva  |4 aut  |9 84872 
245 1 0 |a Sociálny fond - tvorba, použitie, účtovanie a zdaňovanie príjmov zo sociálneho fondu v jednoduchom účtovníctve  |c Eva Gášpárová 
650 0 7 |a jednoduché účtovníctvo  |2 snkbucl  |9 652 
650 0 7 |a sociálny fond  |2 snkbucl  |9 417061 
773 0 |t Daňový a účtovný poradca podnikateľa  |g Č. 1 (2007), s. 167- 181  |x 1335-0897 
852 |a SNK  |b KIS3GCP 
999 |c 1756971  |d 1758901